00357pab a2200133 454500008004000000100001700040245004400057260000900101300001300110362001100123650003500134650002000169773003400189180718b2001 xxu||||| |||| 00| 0 eng d aBose, Ashish aHealth for all by 2000: broken promises c2001 ap.905-07 a17 Mar aHealth services - India - 2000 aHealth services aEconomic and Political Weekly